| Tag |
First Indicator |
Second Indicator |
Subfields |
| LEADER |
00000cam a22000008a 4500 |
| 001 |
in00000049962 |
| 005 |
20151007075927.0 |
| 008 |
811116s1982 nyu 00011 eng |
| 010 |
|
|
|a 81048054
|
| 020 |
|
|
|a 0060149817 :
|c $10.95
|
| 035 |
|
|
|a (OCoLC)07998795
|
| 035 |
|
|
|9 AAF4009AM
|
| 039 |
0 |
|
|a 2
|b 3
|c 3
|d 3
|e 3
|
| 040 |
|
|
|a DLC
|c DLC
|d TXA
|d UtOrBLW
|
| 049 |
|
|
|a TXAM
|c [388461]
|
| 050 |
0 |
0 |
|a PS3558 A82
|b V5 1982
|
| 082 |
0 |
|
|a 813/.54
|2 19
|
| 100 |
1 |
|
|a Hawkes, John,
|d 1925-1998.
|
| 245 |
1 |
0 |
|a Virginie, her two lives /
|c by John Hawkes.
|
| 250 |
|
|
|a 1st ed.
|
| 263 |
|
|
|a 8207
|
| 264 |
|
1 |
|a New York :
|b Harper & Row,
|c [1982]
|
| 264 |
|
4 |
|c ©1982
|
| 300 |
|
|
|a 215 pages ;
|c 22 cm.
|
| 336 |
|
|
|a text
|b txt
|2 rdacontent
|
| 337 |
|
|
|a unmediated
|b n
|2 rdamedia
|
| 338 |
|
|
|a volume
|b nc
|2 rdacarrier
|
| 999 |
|
|
|a MARS
|
| 999 |
f |
f |
|s 950f9611-0e93-3541-ad29-33ff3dc3e6f4
|i e917c8b1-2728-332a-8564-a74e24bc069f
|t 0
|
| 952 |
f |
f |
|p ric
|a Texas A&M University
|b Rellis Campus
|c Joint Library Facility
|d Remote Storage
|t 0
|e PS3558 A82 V5 1982
|h Library of Congress classification
|i unmediated -- volume
|m A14805944395
|
| 998 |
f |
f |
|a PS3558 A82 V5 1982
|t 0
|l Remote Storage
|